MARC

LEADER 00000nam0a2200000 4500
001 218095
005 20231101230153.0
010 |a 5020291730 
035 |a (RuTPU)RU\TPU\book\238104 
090 |a 218095 
100 |a 20120614d1990 k y0rusy50 ca 
101 0 |a rus 
102 |a RU 
105 |a a z 001zy 
200 1 |a Позднеюрские ультраосновные и основные комплексы Колымского массива  |f А. А. Сурнин  |g Академия наук СССР (АН СССР), Сибирское отделение (СО), Якутский институт геологических наук (ЯИГН) ; под ред. В. С. Шкодзинского 
210 |a Новосибирск  |c Наука  |d 1990 
215 |a 159 с.  |c ил. 
320 |a Библиогр.: с. 153-159. 
606 1 |a Горные породы, ультраосновные  |2 stltpush  |3 (RuTPU)RU\TPU\subj\8174  |9 35650 
610 1 |a геология 
610 1 |a Колымский массив 
610 1 |a позднеюрский магнетизм 
610 1 |a магматические комплексы 
610 1 |a породообразующие минералы 
610 1 |a эффузивные породы 
610 1 |a интрузивные породы 
610 1 |a химические основы 
610 1 |a Илинь-Тасская система 
610 1 |a Южно-Анюйская система 
675 |a 552.321.5/.6  |v 3 
700 1 |a Сурнин  |b А. А.  |g Алексей Антонович 
702 1 |a Шкодзинский  |b В. С.  |4 340 
712 0 2 |a Академия наук СССР (АН СССР)  |b Сибирское отделение (СО)  |b Якутский институт геологических наук (ЯИГН)  |c (Якутск)  |2 stltpush  |3 (RuTPU)RU\TPU\col\11774 
801 1 |a RU  |b 63413507  |c 20120614 
801 2 |a RU  |b 63413507  |c 20121119  |g RCR 
942 |c BK